00368nam a2200121Ia 4500008004100000082001600041100001900057245009900076250000800175260003900183300000800222650001600230191201s2000 xx 000 0 und d a004.22bENA aENGLANDER, IrV 4aThe Architecture of Computer Hardware and Systems Software: An Information Technology approach a2nd aN.DelhibJohn wiley and Sonsc2000 a764 aB.Tech(CSE)